Lives of eminent philosophers / (Record no. 186570)

MARC details
000 -LEADER
campo de control de longitud fija 01045nam a2200289 i 4500
001 - NÚMERO DE CONTROL
campo de control 186570
003 - IDENTIFICADOR DE NÚMERO DE CONTROL
campo de control SpMaBN
005 - FECHA Y HORA DE LA ÚLTIMA TRANSACCIÓN
campo de control 20250804044440.0
008 - DATOS DE LONGITUD FIJA--INFORMACIÓN GENERAL
campo de control de longitud fija 161128m19581972xxk |||| |deng d
080 ## - NÚMERO DE LA CLASIFICACIÓN DECIMAL UNIVERSAL
Número de la Clasificación Decimal Universal 929(38):1
080 ## - NÚMERO DE LA CLASIFICACIÓN DECIMAL UNIVERSAL
Número de la Clasificación Decimal Universal 1(38)
100 1# - ENTRADA PRINCIPAL--NOMBRE DE PERSONA
Nombre de persona Diógenes Laercio.
9 (RLIN) 44848
245 10 - MENCIÓN DEL TÍTULO
Título Lives of eminent philosophers /
Mención de responsabilidad, etc. Diogenes Laertius ; with an english translation by R.D. Hicks.
260 ## - PUBLICACIÓN, DISTRIBUCIÓN, ETC.
Lugar de publicación, distribución, etc. London :
Nombre del editor, distribuidor, etc. William Heinemann,
Fecha de publicación, distribución, etc. 1958-1972.
300 ## - DESCRIPCIÓN FÍSICA
Extensión 2 v. ;
Dimensiones 17 cm.
490 1# - MENCIÓN DE SERIE
Mención de serie The loeb classical library ;
Designación de volumen o secuencia 184-185
500 ## - NOTA GENERAL
Nota general Índices.
505 8# - NOTA DE CONTENIDO CON FORMATO
Nota de contenido con formato v. 1: Books I-V (XXXVII, 549 p.) - v. 2: Books VI-X (VI, 704 p.)
546 ## - NOTA DE IDIOMA
Nota de lengua/lenguaje Texto en inglés y griego.
595 ## -
-- v. 2 publ. en 1958.
650 ## - PUNTO DE ACCESO ADICIONAL DE MATERIA--TÉRMINO DE MATERIA
Término de materia o nombre geográfico como elemento de entrada Filosófos-
Subdivisión geográfica Grecia-
Subdivisión general Biografías.
9 (RLIN) 137590
650 #7 - PUNTO DE ACCESO ADICIONAL DE MATERIA--TÉRMINO DE MATERIA
Término de materia o nombre geográfico como elemento de entrada Filosofía griega
Fuente del encabezamiento o término embne
9 (RLIN) 12849
700 1# - ENTRADA AGREGADA--NOMBRE PERSONAL
Nombre de persona Hicks, R. D.
9 (RLIN) 137591
830 0# - PUNTO DE ACCESO ADICIONAL DE SERIE-TÍTULO UNIFORME
Título uniforme The loeb classical library ;
Designación de volumen o secuencia 184-185
9 (RLIN) 189091
852 ## - LOCALIZACIÓN
Ubicación ES-MaACL
Número de control de estantería L-30926-27
Nota libre - enc. cart.
-- . - Biblioteca Jacinto Martínez Lacalle
Holdings
Estatus retirado Estado de pérdida Estado de daño No para préstamo Biblioteca de origen Biblioteca actual Ubicación en estantería Fecha de adquisición Fuente de adquisición Total de préstamos Signatura topográfica completa Código de barras Visto por última vez Precio de reemplazo Tipo de ítem Koha
        Biblioteca del Ateneo de Madrid Biblioteca del Ateneo de Madrid Depósito 2 28/11/2016     L-30926-27 1196740 23/02/2023 23/02/2023 Libro impreso